Statistics for Position of African Countries on Map - Chain Game #1

Click here to take the quiz!

General Stats

  • This quiz has been taken 182 times
  • The average score is 13 of 15

Answers on the Map

Answers color-coded by a green-red scale on the quiz's map according to % correct below.
 

Answer Stats

Country% Correct
Algeria
100%
Somalia
99%
Ghana
97%
Morocco
97%
Malawi
92%
Chad
89%
Madagascar
89%
Cameroon
88%
Botswana
87%
Zambia
87%
D.R. Congo
84%
Egypt
84%
Sierra Leone
80%
Seychelles
78%
Nigeria
77%

Score Distribution

Percentile by Number Answered

Percent of People with Each Score

Your Score History

You have not taken this quiz